Effects of premature birth on the risk for alcoholism appear to be greater inmales than females /

محفوظ في:
التفاصيل البيبلوغرافية
مؤلفون آخرون: Knop, Joachim., Madarasz, Wendy V., Manzardo, Ann M., Mortensen, Erik Lykke., Penick, Elizabeth C.
التنسيق: مقال
اللغة:English
الموضوعات:
الوسوم: إضافة وسم
لا توجد وسوم, كن أول من يضع وسما على هذه التسجيلة!
Thư viện lưu trữ: Thư viện Trường Đại học Đà Lạt
LEADER 01072nam a2200361 4500
001 DLU110130236
005 ##20111223
040 # # |a DLU  |b eng 
041 # # |a eng 
044 # # |a us 
245 # # |a Effects of premature birth on the risk for alcoholism appear to be greater inmales than females /  |c Ann M. Manzardo ... [et al.].  
653 # # |a Alcoholism 
653 # # |a Copenhagen  
653 # # |a Denmark 
653 # # |a Effects 
653 # # |a Gender 
653 # # |a Medical diagnosis 
653 # # |a Premature birth 
700 # # |a Knop, Joachim.  
700 # # |a Madarasz, Wendy V.  
700 # # |a Manzardo, Ann M.  
700 # # |a Mortensen, Erik Lykke.  
700 # # |a Penick, Elizabeth C.  
773 # # |t Journal of studies on alcohol and drugs  |g Vol. 72, no. 3 (May 2011), p. 390-398 
920 # # |a Phòng Tạp chí -- Trung tâm Thông tin - Thư viện Trường Đại học Đà Lạt 
994 # # |a DLU 
900 # # |a True 
911 # # |a Trương Bảo Trâm Anh 
925 # # |a G 
926 # # |a A 
927 # # |a BB 
980 # # |a Thư viện Trường Đại học Đà Lạt